Normal view
MARC view
- الشركات الصناعية-الارباح-الوضع المالي-محاسبة-الاردن.
Entry Topical Term
001 - CONTROL NUMBER
- control field: 64800
003 - CONTROL NUMBER IDENTIFIER
- control field: JO-AjAnu
005 - DATE AND TIME OF LATEST TRANSACTION
- control field: 20231210093633.0
008 - FIXED-LENGTH DATA ELEMENTS
- fixed length control field: 231210|| aca||babn | a|a d
040 ## - CATALOGING SOURCE
- Original cataloging agency: JO-AjAnu
150 ## - HEADING--TOPICAL TERM
- Linkage: الشركات الصناعية-الارباح-الوضع المالي-محاسبة-الاردن.
- Topical term or geographic name entry element: الشركات الصناعية-الارباح-الوضع المالي-محاسبة-الاردن.